| 000 | 00847nam a2200205 a 4500 | ||
|---|---|---|---|
| 008 | 120416s1988 ||||||||||||||||| || u | ||
| 020 | _a0673189457 | ||
| 050 | _aHC 79.E5 Tie | ||
| 100 | _aTietenberg, Tom | ||
| 245 | 1 | 0 | _aEnvironmental and natural resource economics |
| 250 | _a2nd ed | ||
| 260 |
_aGlenview, Ill. _bScott & Foreman _c1988 |
||
| 300 | _axviii, 559p. : ill | ||
| 350 | _a0.00 | ||
| 650 | _aENVIRONMENT | ||
| 650 | 0 | _aENVIRONMENTAL POLICY--MACEDONIA | |
| 650 | _aNATURAL RESOURCES--GOVERNMENT POLICY | ||
| 995 |
_aMAIN LIBRARY OPEN ACCESS _D0.00 _e725512 _FCBU-MAIN LIBRARY (Kitwe) _H2 _I39.40 _jHC 79.E5 Tie _M2 _UAVAILABLE _y002168 _ZMain Library Open Access Collection |
||
| 995 |
_aMAIN LIBRARY OPEN ACCESS _D0.00 _e725511 _FCBU-MAIN LIBRARY (Kitwe) _H1 _I39.40 _jHC 79.E5 Tie _M1 _UAVAILABLE _y002167 _ZMain Library Open Access Collection |
||
| 999 |
_c62723 _d62723 |
||